Internet and Mobile Phone Addiction. Health and Educational Effects (Record no. 191035)

MARC details
000 -LEADER
fixed length control field 00489nmm a2200145Ia 4500
020 ## - INTERNATIONAL STANDARD BOOK NUMBER
ISBN 9783038976042
100 ## - MAIN ENTRY--PERSONAL NAME
Personal name Lopez-Fernandez, Olatz
245 #0 - TITLE STATEMENT
Title Internet and Mobile Phone Addiction. Health and Educational Effects
260 ## - PUBLICATION, DISTRIBUTION, ETC. (IMPRINT)
Place of publication MDPI - Multidisciplinary Digital Publishing Institute
Year of publication 2019
650 ## - SUBJECT ADDED ENTRY--TOPICAL TERM
Topical Term phubbing
856 ## - ELECTRONIC LOCATION AND ACCESS
Uniform Resource Identifier https://directory.doabooks.org/handle/20.500.12854/50529
942 ## - ADDED ENTRY ELEMENTS (KOHA)
Koha item type
Holdings
Withdrawn status Lost status Damaged status Not for loan Permanent Location Current Location Date acquired Price effective from Koha item type
        Library and Documentation Division NCERT Library and Documentation Division NCERT 11/20/2024 11/20/2024